000 01131cam a2200337 i 4500
999 _c9144
_d9144
001 17128914
003 GBCCL
005 20241126110706.0
008 120120t20122012miu b 001 0 eng
010 _a 2012001539
020 _a9780310214427 (hardcover)
020 _z9780310492009 (eBook)
040 _aDLC
_beng
_erda
_cDLC
_dDLC
042 _apcc
050 0 0 _aBS1415.53
_b.W35 2012
082 0 0 _a220.77
_a223.1077
_223
_bNIV
100 1 _aWalton, John H.,
_d1952-
_91492
245 1 0 _aJob :
_bfrom biblical text ... to contemporary life /
_cJohn H Walton with Kelly Vizcaino.
264 1 _aGrand Rapids :
_bZondervan,
_c[2012]
264 4 _c©2012
300 _a469 pages ;
_c25 cm
336 _atext
_2rdacontent
337 _aunmediated
_2rdamedia
338 _avolume
_2rdacarrier
490 0 _aThe NIV application commentary
504 _aIncludes bibliographical references and index.
630 0 0 _aBible.
_pJob
_vCommentaries.
_910172
906 _a7
_bcbc
_corignew
_d1
_eecip
_f20
_gy-gencatlg
942 _2ddc
_cREF